| 000 | 00601 a2200217 4500 | ||
|---|---|---|---|
| 001 | 200129290 | ||
| 999 |
_c200129290 _d32331 |
||
| 003 | TR-AnTOB | ||
| 005 | 20230829163304.0 | ||
| 040 | _aTR-AnTOB | ||
| 041 | _atur | ||
| 050 |
_aJF1525.O45 _bF46 2011 |
||
| 090 | _aJF1525 .O45 F46 2011 | ||
| 100 |
_aFendoğlu, H. Tahsin, _d1952- _988504 |
||
| 245 | 0 |
_aKamu denetçiliği (ombudsmanlık) / _cHasan Tahsin Fendoğlu. |
|
| 264 | 1 |
_aAnkara: _bYetkin, _c2011 |
|
| 300 |
_a20 p. ; _c24 cm |
||
| 650 | 0 |
_aKamu denetçileri _zTürkiye _9115745 |
|
| 650 | 0 |
_aOmbudspersons _zTurkey _974309 |
|
| 942 | _cBK | ||